01253nam a2200289Ia 450000500170000000800410001702000180005810000240007624501160010025000230021630000640023949000450030352001600034853400170050865000580052565000550058365000420063865000390068070000330071970000270075226400500077933600270082933700330085633800280088904000350091708400110095220220316235956.0141031s2013 mx a g 000 1 spa  a97896816411391 aSmith, Lane,d1959-14aLas grandes mascotas cescrito e ilustrado por Lane Smith ; traducido por Ernestina Loyo ; editor Daniel Goldin aPrimera edición  a[32] páginas sin enumerar bilustraciones a colorc27 cm. aLos especiales de A la orilla del viento aEl gato y la niña a menudo se preguntaban cuál era la gracia de estar así sentados. Especialmente cuando es tan fácil pedir una piscina láctea... tThe Big pets142LEMBaÁlbumes infantiles estadounidenses ySiglo XX142LEMBaLiteratura infantil estadounidenseySiglo XX142LEMBaMascotasvÁlbumes infantiles 142LEMBaGatosvÁlbumes infantiles 1 aLoyo, Ernestinaetraductora 1 aGoldin, Danieleeditor aMéxico bFondo de Cultura Económicac2013 atextobtxt2rdacontent asin mediaciónbn2rdamedia avolumenbnc2rdacarrier aCO-BoRNBPbspaerdacCO-BoRNBP aA SMI1